000 00301nam a2200121 i 4500
001 bg
245 0 _aStatistical Mechanics :
_bnew Concents. New Problems. New Applications.
260 _aChicago,
_c1972.
040 _cBPK
041 _apol
942 _cKS
008 s pl f |000 0 pol
999 _c26491
_d26491
856 _uhttp://koha.tu.koszalin.pl/cgi-bin/koha/opac-detail.pl?biblionumber=26491
_yKatalog online BPK